"La fontana de oro" (Record no. 168962)

MARC details
000 -LEADER
campo de control de longitud fija 00828nam a22002055i 4500
001 - NÚMERO DE CONTROL
campo de control 168962
003 - IDENTIFICADOR DE NÚMERO DE CONTROL
campo de control ES-MaACL
005 - FECHA Y HORA DE LA ÚLTIMA TRANSACCIÓN
campo de control 20230906213941.0
008 - DATOS DE LONGITUD FIJA--INFORMACIÓN GENERAL
campo de control de longitud fija 080707s1992 sp |||| | spa d
080 ## - NÚMERO DE LA CLASIFICACIÓN DECIMAL UNIVERSAL
Número de la Clasificación Decimal Universal 821.134.2 7 La fontana de oro.06
100 1# - ENTRADA PRINCIPAL--NOMBRE DE PERSONA
Nombre de persona Esterán Abad, Pilar.
9 (RLIN) 48114
245 11 - MENCIÓN DEL TÍTULO
Título "La fontana de oro"
Resto del título : tres desenlaces para una novela /
Mención de responsabilidad, etc. Pilar Esterán Abad.
260 ## - PUBLICACIÓN, DISTRIBUCIÓN, ETC.
Lugar de publicación, distribución, etc. [S.l. :
Nombre del editor, distribuidor, etc. s.n.,
Fecha de publicación, distribución, etc. 1992?]
300 ## - DESCRIPCIÓN FÍSICA
Extensión p. [77]-87 ;
Dimensiones 24 cm.
500 ## - NOTA GENERAL
Nota general Separata de: Actas del Quinto Congreso Internacional de Estudios Galdosianos (1992)
600 #0 - PUNTO DE ACCESO ADICIONAL DE MATERIA--NOMBRE DE PERSONA
Nombre de persona Pérez Galdós, Benito,
Fechas asociadas al nombre 1843-1920.
Título de la obra La fontana de oro
9 (RLIN) 224772
711 2# - ENTRADA AGREGADA--NOMBRE DE REUNIÓN
Nombre de congreso/reunión o jurisdicción como elemento de entrada Congreso Internacional de Estudios Galdosianos (
Número del congreso/reunión o número de parte o sección 5º.
Fecha del congreso o de la firma del tratado 1992.
Sede del congreso/Lugar de la reunión Las Palmas de Gran Canaria)
9 (RLIN) 138084
852 ## - LOCALIZACIÓN
Ubicación ES-MaACL
Número de control de estantería 2232-F-2
itemnumber R.138603
Holdings
Estatus retirado Estado de pérdida Estado de daño No para préstamo Colección Biblioteca de origen Biblioteca actual Ubicación en estantería Fecha de adquisición Fuente de adquisición Total de préstamos Signatura topográfica completa Código de barras Visto por última vez Precio de reemplazo Tipo de ítem Koha
        Colección de folletos Biblioteca del Ateneo de Madrid Biblioteca del Ateneo de Madrid Depósito folletos 07/07/2008     2232-F-2 1177332 23/02/2023 23/02/2023 Folleto